Buniyādī skūloṃ ke lie pāṭhyacaryā kā nirmāṇa. (Record no. 61185)

MARC details
000 -LEADER
fixed length control field 00556cam a22002171 4500
001 - CONTROL NUMBER
control field sa 64009011
003 - CONTROL NUMBER IDENTIFIER
control field DLC
005 - DATE AND TIME OF LATEST TRANSACTION
control field 20260227112058.0
008 - FIXED-LENGTH DATA ELEMENTS--GENERAL INFORMATION
fixed length control field 890622s1963 ii 000 0 hino
010 ## - LIBRARY OF CONGRESS CONTROL NUMBER
LC control number sa 64009011
035 ## - SYSTEM CONTROL NUMBER
System control number (OCoLC)19913964
040 ## - CATALOGING SOURCE
Original cataloging agency DLC
Transcribing agency WaU
Modifying agency DLC
042 ## - AUTHENTICATION CODE
Authentication code premarc
050 00 - LIBRARY OF CONGRESS CALL NUMBER
Classification number LB775.G22
Item number C5
100 1# - MAIN ENTRY--PERSONAL NAME
Personal name Cikkaramane, D. V.
245 10 - TITLE STATEMENT
Title Buniyādī skūloṃ ke lie pāṭhyacaryā kā nirmāṇa.
260 ## - PUBLICATION, DISTRIBUTION, ETC.
Date of publication, distribution, etc. 1963.
300 ## - PHYSICAL DESCRIPTION
Extent 66 p.
Dimensions 24 cm.
500 ## - GENERAL NOTE
General note In Hindi.
650 #0 - SUBJECT ADDED ENTRY--TOPICAL TERM
Topical term or geographic name entry element Wardha scheme of education.

No items available.

Powered by Koha